O convento de Nossa Senhora do Carmo der Ilha Grande: apontamentos paera a historia dos frades em Angra dos Reis

Guardat en:
Dades bibliogràfiques
Autor principal: Mendes, Alipio (autor)
Format: Llibre
Idioma:portuguès
Publicat: Río de Janeiro Angra Dos Reis 1980
Matèries:
Etiquetes: Afegir etiqueta
Sense etiquetes, Sigues el primer a etiquetar aquest registre!

MARC

LEADER 00000nam a2200000 a 4500
001 UCY1094
003 CL-VaPUC
008 940820e19800000BL |||||||||||||||||por|d
082 0 4 |a 726.7  |b MEN  |2 21 
100 |a Mendes, Alipio  |e autor  |9 328971 
245 1 2 |a O convento de Nossa Senhora do Carmo der Ilha Grande: apontamentos paera a historia dos frades em Angra dos Reis 
300 |a 208 p 
942 |c BK 
945 |d 19940820 00:00:00  |a oaravena 
260 |a Río de Janeiro  |b Angra Dos Reis  |c 1980 
650 0 |a Arquitectura religiosa  |9 266677 
650 0 |a Conventos  |9 328972 
651 0 |a Brasil  |9 267393 
583 |a last modification  |c 19940820 00:00:00  |k Rodrigo Vera 
999 |c 229896  |d 229894 
952 |0 0  |1 0  |4 0  |6 726_700000000000000_MEN_1980  |7 0  |8 P  |9 231610  |a BIBARQ  |b BIBARQ  |d 2019-11-15  |i 2950987  |o 726.7 MEN 1980  |p 2950987  |r 2025-01-20  |w 2019-11-15  |y BK  |k ARQ